000 00551nam a2200169Ia 4500
008 090201s9999 xx 000 0 und d
010 _aKPL-57771
040 _bमराठी
041 _aमराठी
082 _a8018
_b57771
100 _aध रा गाला
245 _aपाठदुखी तुला रामराम
_cध रा गाला
260 _c2004
_bगाला पब्लिशर्स
300 _a126
_bमोठा
600 _aपाठदुखी तुला रामराम
942 _cBOOK
999 _c208664
_d208664